| 000 | 00866nam a2200217 a 4500 | ||
|---|---|---|---|
| 001 | 000041870 | ||
| 005 | 20201002035812.0 | ||
| 008 | 131018s2000 sp 000 0 spa d | ||
| 020 | _a8400078683 | ||
| 040 |
_aDO-SdBNP _bspa _cBNPHU |
||
| 082 |
_axxxx _bxxxx |
||
| 100 | 1 |
_aPeralta Ruiz, Víctor _967881 |
|
| 245 | 1 | 0 |
_aPor la Concordia, la Fusión y el Unitarismo. : _bestado y caudillismo en Bolivia, 1825-1880. / _cVíctor Peralta Ruiz, Marta Irurozqui Victoriano. |
| 260 |
_aMadrid, : _bConsejo Superior de Investigaciones Científicas _bDepartamento de Historia de América, _c2000. |
||
| 300 |
_a277 p. ; _c24 cm. |
||
| 490 | 1 |
_aTierra nueva e cielo nuevo _v41 |
|
| 504 | _aBibliografía primaria p: 255-260 | ||
| 504 | _aBibliografía secundaria p: 261-277 | ||
| 700 | 1 |
_aIrurozqui Victoriano, Marta _968608 |
|
| 830 | 0 |
_aTierra nueva e cielo nuevo _v41 _915388 |
|
| 999 |
_c41359 _d41359 |
||